000 004000000a22001450004500
090 _aAR
_b02280
245 1 0 _aDerechos de propiedad intelectual y biodiversidad: los mitos económicos
650 1 4 _aRecursos genéticos
_992757
650 1 4 _aPatentes
_993660
650 1 4 _aLegislación
_992426
041 0 _aEspañol
110 1 _aGRAIN
_995801
942 _cARTICULO
773 1 _tPreprint
_33
_q1-20
_d1998
999 _c11352
_d11352